Geometry of spatial forms
Αποθηκεύτηκε σε:
| Κύριος συγγραφέας: | |
|---|---|
| Μορφή: | Βιβλίο |
| Γλώσσα: | English |
| Δημοσίευση: |
Chichester :
Ellis Horwood,
1983
|
| Σειρά: | Ellis Horwood series in mathematics and its applications
|
| Θέματα: | |
| Ετικέτες: |
Προσθήκη ετικέτας
Δεν υπάρχουν, Καταχωρήστε ετικέτα πρώτοι!
|
MARC
| LEADER | 00000nam a2200000 i 4500 | ||
|---|---|---|---|
| 001 | 1/46338 | ||
| 008 | 960305s1983 eng d | ||
| 020 | |a 0853126208 | ||
| 035 | |l 10026302 | ||
| 040 | |a GR-MY-UA |b gre |e aacr | ||
| 041 | 0 | |a eng | |
| 082 | 0 | |a 516.6 | |
| 100 | 1 | |a Gasson, Peter C. |d 1933- | |
| 245 | 1 | 0 | |a Geometry of spatial forms / |c Peter Gasson |
| 260 | |a Chichester : |b Ellis Horwood, |c 1983 | ||
| 300 | |a 561 p. | ||
| 490 | 1 | |a Ellis Horwood series in mathematics and its applications | |
| 650 | 0 | 0 | |a Geometry, Descriptive. |
| 830 | 0 | |a Ellis Horwood series in mathematics and its applications | |
| 852 | |a INST |b CHIOS |e 19960305 |h 516.6 GAS |p 005200004608 |q 005200004608 |t BK |y 0 | ||
| 909 | |a Χ |b 003893 | ||